<?xml version="1.0" encoding="UTF-8"?><?xml-stylesheet type="text/xsl" href="static/style.xsl"?><OAI-PMH xmlns="http://www.openarchives.org/OAI/2.0/" xmlns:xsi="http://www.w3.org/2001/XMLSchema-instance" xsi:schemaLocation="http://www.openarchives.org/OAI/2.0/ http://www.openarchives.org/OAI/2.0/OAI-PMH.xsd"><responseDate>2026-04-17T23:14:41Z</responseDate><request verb="GetRecord" identifier="oai:riubu.ubu.es:10259/9013" metadataPrefix="marc">https://riubu.ubu.es/oai/request</request><GetRecord><record><header><identifier>oai:riubu.ubu.es:10259/9013</identifier><datestamp>2024-05-17T10:22:29Z</datestamp><setSpec>com_10259_9006</setSpec><setSpec>com_10259_5086</setSpec><setSpec>com_10259_2604</setSpec><setSpec>com_10259_5501</setSpec><setSpec>col_10259_9007</setSpec><setSpec>col_10259_5502</setSpec></header><metadata><record xmlns="http://www.loc.gov/MARC21/slim" xmlns:doc="http://www.lyncode.com/xoai" xmlns:xsi="http://www.w3.org/2001/XMLSchema-instance" xmlns:dcterms="http://purl.org/dc/terms/" xsi:schemaLocation="http://www.loc.gov/MARC21/slim http://www.loc.gov/standards/marcxml/schema/MARC21slim.xsd">
<leader>00925njm 22002777a 4500</leader>
<datafield tag="042" ind1=" " ind2=" ">
<subfield code="a">dc</subfield>
</datafield>
<datafield tag="720" ind1=" " ind2=" ">
<subfield code="a">Catalina Ortega, Carlos Alberto</subfield>
<subfield code="e">author</subfield>
</datafield>
<datafield tag="720" ind1=" " ind2=" ">
<subfield code="a">Mariscal Saldaña, Miguel Ángel</subfield>
<subfield code="e">author</subfield>
</datafield>
<datafield tag="720" ind1=" " ind2=" ">
<subfield code="a">Boulagouas, Wafa</subfield>
<subfield code="e">author</subfield>
</datafield>
<datafield tag="720" ind1=" " ind2=" ">
<subfield code="a">Herrera, Sixto</subfield>
<subfield code="e">author</subfield>
</datafield>
<datafield tag="720" ind1=" " ind2=" ">
<subfield code="a">Espinosa Pascual, Juan María</subfield>
<subfield code="e">author</subfield>
</datafield>
<datafield tag="720" ind1=" " ind2=" ">
<subfield code="a">García Herrero, Susana</subfield>
<subfield code="e">author</subfield>
</datafield>
<datafield tag="260" ind1=" " ind2=" ">
<subfield code="c">2021-07</subfield>
</datafield>
<datafield tag="520" ind1=" " ind2=" ">
<subfield code="a">The use of communication technologies, e.g., mobile phones, has increased dramatically in recent years, and their use among drivers has become a great risk to traffic safety. The present study assessed the workload and road ordinary violations, utilizing driving data collected from 39 young participants who underwent a dual-task while driving a simulator, i.e., respond to a call, text on WhatsApp, and check Instagram. Findings confirmed that there are significant differences in the driving performance of young drivers in terms of vehicle control (i.e., lateral distance and hard shoulder line violations) between distracted and non-distracted drivers. Furthermore, the overall workload score of young drivers increases with the use of their mobile phones while driving. The obtained results contribute to a better understanding of the driving performance of distracted young drivers and thus they could be useful for further improvements to traffic safety strategies.</subfield>
</datafield>
<datafield tag="024" ind2=" " ind1="8">
<subfield code="a">1660-4601</subfield>
</datafield>
<datafield tag="024" ind2=" " ind1="8">
<subfield code="a">http://hdl.handle.net/10259/9013</subfield>
</datafield>
<datafield tag="024" ind2=" " ind1="8">
<subfield code="a">10.3390/ijerph18137101</subfield>
</datafield>
<datafield tag="024" ind2=" " ind1="8">
<subfield code="a">1660-4601</subfield>
</datafield>
<datafield ind1=" " ind2=" " tag="653">
<subfield code="a">Mobile</subfield>
</datafield>
<datafield ind1=" " ind2=" " tag="653">
<subfield code="a">Phone</subfield>
</datafield>
<datafield ind1=" " ind2=" " tag="653">
<subfield code="a">Distractions</subfield>
</datafield>
<datafield ind1=" " ind2=" " tag="653">
<subfield code="a">Traffic</subfield>
</datafield>
<datafield ind1=" " ind2=" " tag="653">
<subfield code="a">Violations</subfield>
</datafield>
<datafield ind1=" " ind2=" " tag="653">
<subfield code="a">Workload</subfield>
</datafield>
<datafield ind1=" " ind2=" " tag="653">
<subfield code="a">Young</subfield>
</datafield>
<datafield ind1=" " ind2=" " tag="653">
<subfield code="a">Drivers</subfield>
</datafield>
<datafield tag="245" ind1="0" ind2="0">
<subfield code="a">Effects of Mobile Phone Use on Driving Performance: An Experimental Study of Workload and Traffic Violations</subfield>
</datafield>
</record></metadata></record></GetRecord></OAI-PMH>